00786 2200277 4500001002100000005001500021035002000036007000300056008004100059020002200100082001100122084001700133100001700150245008700167250001100254260003200265300003200297650001600329700002400345700002800369700003500397700001700432700002700449700002300476990000900499INLIS00000000000017220170912023842 a0010-0917000158ta170912 f 0  a978-979-1254-34-2 a297.37 a297.37 QOT j0 aQotadah, Abu1 aJilid 2 Khutbah Jum'at :bDilengkapi khutbah Idul fitri & idul Adha /cAbu Qotadah acet. 7 aJakarta :bDarul Haq,c2016 axx; 628 hlm ;c16 x 24.5 cm aAgama Islam0 aKholid Syamhudi, Lc0 aAbu Bakar M. Altway, Lc0 aAgus HAsan Bashori, Lc., M. AG0 aKurnaedi, Lc0 aAinul Haris, Lc., M.Ag0 aIzzudin Karimi, Lc a4813